| 000 | 00697nam a22002417a 4500 | ||
|---|---|---|---|
| 001 | sjds | ||
| 003 | sjds | ||
| 005 | 20230917205458.0 | ||
| 008 | 230917b |||||||| |||| 00| 0 spa d | ||
| 020 | _a9788424615628 | ||
| 020 | _a842461562X | ||
| 040 | _csjds | ||
| 041 | _aspa | ||
| 100 | 1 | 0 | _aBoada, Francesc. |
| 245 |
_aEl lobo y el perro : _bfabula de La Fontaine / _cFrancesc Boada, Jean de La Fontaine, Rita Culla |
||
| 246 |
_aEl lobo y el perro : _bfabula de La Fontaine |
||
| 260 |
_aBarcelona : _b La Galera, _c1981 |
||
| 300 |
_a[24] pages : _bcolor illustrations ; _c22 cm. |
||
| 440 |
_aFabulas ; _n12 |
||
| 700 | 1 | _aLa Fontaine, Jean de | |
| 700 | 1 | _aRita Culla | |
| 942 | _cBK | ||
| 999 |
_c28345 _d28345 |
||